| 000 | 00859nam a2200121Ia 4500 | ||
|---|---|---|---|
| 008 | 220615s9999||||xx |||||||||||||| ||und|| | ||
| 100 | _aBaker, Catherine | ||
| 245 | 0 |
_aRace and the Yugoslav region _bPostsocialist, post-conflict, postcolonial? |
|
| 546 | _aEnglish[eng] | ||
| 650 | _aBosnian identity||ethnic exclusivism||ethnicity||migration||nationhood||Non-Aligned Movement||peace agreements||postcolonial studies||postsocialist studies||race||refugee crisis||state socialism||terrorism||War on Terror||Yugoslavia | ||
| 856 | _uhttps://library.oapen.org/bitstream/20.500.12657/28907/2/XHTML5%20%287%29.zip||https://library.oapen.org/bitstream/20.500.12657/28907/2/XHTML5%20%287%29.zip||https://library.oapen.org/bitstream/20.500.12657/28907/2/XHTML5%20%287%29.zip||https://library.oapen.org/bitstream/20.500.12657/28907/2/XHTML5%20%287%29.zip | ||
| 942 | _cEB | ||
| 999 |
_c10517 _d10517 |
||